[Event "Women's Speed Chess Q7"]
[Site "chess.com INT"]
[Date "2021.06.06"]
[Round "13"]
[White "Torres Hernandez, Leslie Carolin"]
[Black "Eswaran, Aksithi"]
[Result "1-0"]
[WhiteTitle "WFM"]
[BlackTitle "WCM"]
[WhiteElo "1884"]
[BlackElo "1745"]
[WhiteFideId "8400504"]
[BlackFideId "2083485"]
[EventDate "2021.06.06"]

1. e4 c5 2. Nc3 Nc6 3. g3 g6 4. Bg2 Bg7 5. Nge2 e6 6. O-O Nge7 7. d3 O-O 8. Be3
b6 9. d4 cxd4 10. Nxd4 Bb7 11. Ndb5 Nc8 12. Nd6 Nxd6 13. Qxd6 Qe7 14. Rad1 Qxd6
15. Rxd6 Rad8 16. Rfd1 Bc8 17. f4 Nb4 18. R1d2 Bxc3 19. bxc3 Nc6 20. e5 Rfe8 21.
Bxc6 Ba6 22. Bxd7 Re7 23. Ba4 Rc8 24. Rd8+ Rxd8 25. Rxd8+ Kg7 26. Bd4 Rc7 27.
Rd7 Rc4 28. Bb3 Rc8 29. Rxa7 Bb5 30. Bxe6 Rf8 31. Bb3 Be2 32. e6+ Kg8 33. exf7+ 1-0

[Event "Women's Speed Chess Q7"]
[Site "chess.com INT"]
[Date "2021.06.06"]
[Round "13"]
[White "Ziegenfuss, Antonia"]
[Black "Grigoryan, Meri"]
[Result "0-1"]
[WhiteTitle "WFM"]
[BlackTitle "WFM"]
[WhiteElo "2157"]
[BlackElo "2044"]
[WhiteFideId "12962554"]
[BlackFideId "13300571"]
[EventDate "2021.06.06"]

1. d4 d5 2. c4 e5 3. dxe5 d4 4. Nf3 Nc6 5. a4 Bc5 6. Nbd2 Nge7 7. Nb3 Bb4+ 8.
Bd2 Ng6 9. Bxb4 Nxb4 10. Nfxd4 Nxe5 11. Qd2 Qe7 12. e3 O-O 13. Be2 Rd8 14. Qc3
c5 15. Nf3 Ned3+ 16. Bxd3 Nxd3+ 17. Ke2 Bg4 18. Rhd1 Nf4+ 19. Kf1 Bxf3 20. exf4
Bxd1 21. Nd2 Qe2+ 22. Kg1 0-1

[Event "Women's Speed Chess Q7"]
[Site "chess.com INT"]
[Date "2021.06.06"]
[Round "13"]
[White "Pham, Le Thao Nguyen"]
[Black "Buksa, Nataliya"]
[Result "0-1"]
[WhiteTitle "IM"]
[BlackTitle "IM"]
[WhiteElo "2369"]
[BlackElo "2413"]
[WhiteFideId "12401226"]
[BlackFideId "14123622"]
[EventDate "2021.06.06"]

1. d4 d5 2. Nf3 e6 3. Bf4 Nf6 4. e3 Bd6 5. Bg3 c5 6. c3 Qc7 7. Nbd2 Nbd7 8. Bb5
O-O 9. Bxd7 Nxd7 10. e4 cxd4 11. Nxd4 Nf6 12. Qe2 Bxg3 13. hxg3 e5 14. N4f3 Bg4
15. O-O Rad8 16. Rfe1 Rfe8 17. Rab1 Qc6 18. exd5 Qxd5 19. Qc4 Bxf3 20. gxf3 Qxd2
21. Qb5 e4 22. Qxb7 e3 23. Rf1 e2 24. Rfe1 Qxe1+ 25. Rxe1 Rd1 0-1

[Event "Women's Speed Chess Q7"]
[Site "chess.com INT"]
[Date "2021.06.06"]
[Round "13"]
[White "Nguyen, Hong Anh"]
[Black "Avramidou, Anastasia"]
[Result "1/2-1/2"]
[WhiteTitle "WIM"]
[BlackTitle "FM"]
[WhiteElo "1993"]
[BlackElo "2238"]
[WhiteFideId "12406732"]
[BlackFideId "4239873"]
[EventDate "2021.06.06"]

1. d4 Nf6 2. c4 g6 3. Nf3 d5 4. g3 Bg7 5. Bg2 O-O 6. O-O Nc6 7. cxd5 Nxd5 8. Nc3
Nxc3 9. bxc3 e5 10. e3 e4 11. Nd2 f5 12. c4 Na5 13. Bb2 b6 14. Bc3 Nb7 15. Rc1
Qe7 16. Nb3 Be6 17. d5 Bf7 18. Bxg7 Kxg7 19. Qd4+ Qf6 20. Rfd1 Rfd8 21. Qd2 c6
22. Nd4 cxd5 23. cxd5 Rxd5 24. Rc7 Nc5 25. Qc1 Rad8 26. Rxa7 Kg8 27. Rf1 R8d7
28. Ra8+ Rd8 29. Ra7 R8d7 30. Ra8+ Rd8 31. Ra7 1/2-1/2

[Event "Women's Speed Chess Q7"]
[Site "chess.com INT"]
[Date "2021.06.06"]
[Round "13"]
[White "Vantika, Agrawal"]
[Black "Dauletova, Gulmira"]
[Result "1-0"]
[WhiteTitle "WIM"]
[BlackTitle "WGM"]
[WhiteElo "2286"]
[BlackElo "2257"]
[WhiteFideId "25050389"]
[BlackFideId "13702971"]
[EventDate "2021.06.06"]

1. Nf3 d5 2. g3 c6 3. Bg2 Bg4 4. O-O Nd7 5. d3 e5 6. h3 Bh5 7. c4 Ngf6 8. Nc3
dxc4 9. dxc4 Bc5 10. Nh4 O-O 11. Qc2 Re8 12. b3 Qc7 13. Na4 Bd4 14. Rb1 e4 15.
Bf4 Be5 16. Be3 Bd6 17. Nc3 Nc5 18. Nf5 Be5 19. Bxc5 Bxc3 20. Qxc3 b6 21. Bd4
Bxe2 22. Rfe1 Bd3 23. Rbd1 Nh5 24. Bxg7 Re6 25. Rxd3 exd3 26. Rxe6 1-0

[Event "Women's Speed Chess Q7"]
[Site "chess.com INT"]
[Date "2021.06.06"]
[Round "13"]
[White "Gunina, Valentina"]
[Black "Gaponenko, Inna"]
[Result "1/2-1/2"]
[WhiteTitle "GM"]
[BlackTitle "IM"]
[WhiteElo "2436"]
[BlackElo "2357"]
[WhiteFideId "4167570"]
[BlackFideId "14101181"]
[EventDate "2021.06.06"]

1. d4 d6 2. Nf3 g6 3. g3 Bg7 4. Bg2 Nf6 5. O-O O-O 6. c4 Nc6 7. Nc3 e5 8. d5 Nb8
9. e4 a5 10. Be3 Na6 11. h3 Nd7 12. Nd2 Ndc5 13. Qe2 b6 14. f4 f5 15. exf5 Bxf5
16. Nde4 exf4 17. Bxf4 Bxc3 18. Nxc3 Bd3 19. Qe3 Bxf1 20. Rxf1 Qe8 21. Qd2 Qd7
22. Nb5 Rae8 23. Nd4 Ne4 24. Qd1 Nac5 25. h4 Rxf4 26. gxf4 Ng3 27. Re1 Rxe1+ 28.
Qxe1 Nf5 29. Ne6 Qe7 30. h5 Nxe6 31. dxe6 Kg7 32. hxg6 hxg6 33. Qe4 Kf6 34. Qc6
Qxe6 35. Qxc7 Qe1+ 36. Kh2 Qh4+ 37. Kg1 Qe1+ 38. Kh2 Qh4+ 39. Kg1 Qe1+ 1/2-1/2

[Event "Women's Speed Chess Q7"]
[Site "chess.com INT"]
[Date "2021.06.06"]
[Round "13"]
[White "Tokhirjonova, Gulrukhbegim"]
[Black "Sliwicka, Alicja"]
[Result "0-1"]
[WhiteTitle "WGM"]
[BlackTitle "WIM"]
[WhiteElo "2344"]
[BlackElo "2308"]
[WhiteFideId "14203626"]
[BlackFideId "1150677"]
[EventDate "2021.06.06"]

1. Nf3 c5 2. g3 Nc6 3. Bg2 e5 4. e4 g6 5. O-O Bg7 6. d3 Nge7 7. b3 O-O 8. Bb2 d5
9. Nbd2 d4 10. a3 b5 11. h3 a6 12. Nh4 Bd7 13. Qe2 Qc8 14. Kh2 Bf6 15. Nhf3 Bg7
16. Ng1 f5 17. f4 exf4 18. Rxf4 Be5 19. Rff1 Qc7 20. Rf3 fxe4 21. Nxe4 Nf5 22.
Raf1 Rae8 23. Bc1 Nce7 24. Bf4 Nd5 25. Bxe5 Qxe5 26. Qd2 Nde3 27. R1f2 h5 28.
Ne2 h4 29. Rf4 hxg3+ 30. N2xg3 Nxg3 31. Nxg3 Rxf4 32. Rxf4 Qxf4 33. Be4 Nf1+ 0-1

[Event "Women's Speed Chess Q7"]
[Site "chess.com INT"]
[Date "2021.06.06"]
[Round "13"]
[White "Antolak, Julia"]
[Black "Cyfka, Karina"]
[Result "0-1"]
[WhiteTitle "WIM"]
[BlackTitle "IM"]
[WhiteElo "2309"]
[BlackElo "2417"]
[WhiteFideId "1159569"]
[BlackFideId "1122681"]
[EventDate "2021.06.06"]

1. e4 e5 2. Nf3 Nf6 3. Nxe5 d6 4. Nd3 Nxe4 5. Qe2 Qe7 6. f3 Nf6 7. Nf4 Nc6 8. c3
Qxe2+ 9. Bxe2 Bf5 10. d4 O-O-O 11. Kf2 h6 12. g4 Bh7 13. Be3 g5 14. Nd3 Bg7 15.
Na3 Nd5 16. Bd2 Rde8 17. Ne1 Re7 18. Ng2 Rhe8 19. Bc4 Nb6 20. Rae1 Nxc4 21. Nxc4
Bd3 22. Nce3 Na5 23. b3 c5 24. dxc5 dxc5 25. Nd5 Re2+ 26. Kg3 Be5+ 27. Kh3 Rxd2
28. Nge3 Nc6 29. c4 Rxa2 30. Rd1 Be2 0-1

[Event "Women's Speed Chess Q7"]
[Site "chess.com INT"]
[Date "2021.06.06"]
[Round "13"]
[White "Kazarian, Anna-Maja"]
[Black "Semenova, Elena1"]
[Result "0-1"]
[WhiteTitle "FM"]
[BlackTitle "WIM"]
[WhiteElo "2096"]
[BlackElo "2246"]
[WhiteFideId "1033689"]
[BlackFideId "24125148"]
[EventDate "2021.06.06"]

1. e4 e5 2. Nf3 Nf6 3. Nxe5 d6 4. Nf3 Nxe4 5. d3 Nf6 6. d4 d5 7. Bd3 Bd6 8. O-O
O-O 9. Bg5 h6 10. Bh4 Bg4 11. Nbd2 g5 12. Bg3 Nbd7 13. Bxd6 cxd6 14. h3 Bh5 15.
c3 Re8 16. Qc2 Kg7 17. Rfe1 Qa5 18. Bf5 a6 19. g4 Bg6 20. Bxg6 fxg6 21. h4 gxh4
22. Nxh4 Nf8 23. f3 Rxe1+ 24. Rxe1 Re8 25. Rxe8 Nxe8 26. Nb3 Qxa2 27. Qe2 Qb1+
28. Kg2 Kf7 29. Na5 Ne6 30. Nxb7 Nf4+ 31. Kf2 Nxe2 32. Kxe2 Qxb2+ 33. Kd3 Qxb7 0-1

[Event "Women's Speed Chess Q7"]
[Site "chess.com INT"]
[Date "2021.06.06"]
[Round "13"]
[White "Arpita, Mukherjee"]
[Black "Berend, Elvira"]
[Result "1/2-1/2"]
[WhiteTitle "WIM"]
[BlackTitle "WGM"]
[WhiteElo "2206"]
[BlackElo "2326"]
[WhiteFideId "5056403"]
[BlackFideId "4000510"]
[EventDate "2021.06.06"]

1. e4 e5 2. Nf3 Nc6 3. Bb5 Nf6 4. d3 d6 5. O-O Be7 6. c3 O-O 7. Nbd2 a6 8. Bxc6
bxc6 9. d4 exd4 10. Nxd4 Bb7 11. h3 c5 12. Nf5 Nxe4 13. Re1 d5 14. f3 Bh4 15.
Nxh4 Qxh4 16. fxe4 dxe4 17. Nc4 f5 18. Qd7 Rf7 19. Qe6 Qxe1+ 20. Kh2 Qh4 21. Ne5
Qf6 22. Qxf7+ Qxf7 23. Nxf7 Kxf7 24. Bf4 Ke6 25. Bxc7 Rc8 26. Bf4 Rd8 27. g3 Rd3
28. h4 h6 29. h5 Bc6 30. Kg2 Be8 31. Rh1 c4 32. Kf2 a5 33. Ke2 Bc6 34. Rh2 Rf3
35. Rh1 Rd3 36. Rh2 Rd7 37. Rh1 Rd3 1/2-1/2

[Event "Women's Speed Chess Q7"]
[Site "chess.com INT"]
[Date "2021.06.06"]
[Round "13"]
[White "Potapova, Margarita"]
[Black "Ambartsumova, Karina"]
[Result "1-0"]
[WhiteTitle "WIM"]
[BlackTitle "IM"]
[WhiteElo "2260"]
[BlackElo "2382"]
[WhiteFideId "14126869"]
[BlackFideId "4166299"]
[EventDate "2021.06.06"]

1. d4 Nf6 2. c4 e6 3. Nc3 d5 4. Nf3 Bb4 5. Qa4+ Nc6 6. e3 O-O 7. a3 Bd6 8. Bd3
dxc4 9. Bxc4 a6 10. Bd3 e5 11. d5 Ne7 12. e4 c6 13. dxc6 Nxc6 14. O-O Bg4 15.
Be2 Nd4 16. Qd1 Nxe2+ 17. Qxe2 h6 18. h3 Bh5 19. g4 Bg6 20. Nh4 Bh7 21. Nf5 Bxf5
22. exf5 Qb6 23. Be3 Qb3 24. Rfd1 Rad8 25. h4 Rfe8 26. g5 hxg5 27. hxg5 Nh7 28.
Ne4 Bf8 29. g6 fxg6 30. fxg6 Nf6 31. Nxf6+ gxf6 32. Qh5 Bg7 33. Qh7+ Kf8 34.
Bc5+ Re7 35. Rxd8# 1-0

[Event "Women's Speed Chess Q7"]
[Site "chess.com INT"]
[Date "2021.06.06"]
[Round "13"]
[White "Zakirova, Aisha"]
[Black "Padmini, Rout"]
[Result "0-1"]
[WhiteTitle "WCM"]
[BlackTitle "IM"]
[WhiteElo "1585"]
[BlackElo "2370"]
[WhiteFideId "13719734"]
[BlackFideId "5029295"]
[EventDate "2021.06.06"]

1. d4 Nf6 2. c4 c5 3. d5 b5 4. Qc2 b4 5. a3 a5 6. e4 d6 7. Bd3 g6 8. Ne2 Bg7 9.
O-O O-O 10. axb4 cxb4 11. Nd2 Nbd7 12. Nb3 a4 13. Nbd4 Nc5 14. Nc6 Qc7 15. Bf4
b3 16. Qb1 Bd7 17. Nxe7+ Kh8 18. Nd4 Nfxe4 19. Bxe4 Bxd4 20. Rd1 Bg7 21. Nc6
Rfe8 22. Bf3 Bf5 23. Qc1 a3 24. Nd4 Nd3 25. Rxd3 Bxd3 26. Be3 Qxc4 27. Qxc4 Bxc4
28. bxa3 b2 29. Rb1 Reb8 30. Be4 Ba2 31. Nc6 Bxb1 32. Nxb8 Bxe4 33. Nc6 b1=Q+
34. Bc1 Qxc1# 0-1

[Event "Women's Speed Chess Q7"]
[Site "chess.com INT"]
[Date "2021.06.06"]
[Round "13"]
[White "Batsiashvili, Nino"]
[Black "Petrova, Irina"]
[Result "1-0"]
[WhiteTitle "GM"]
[BlackTitle "WIM"]
[WhiteElo "2491"]
[BlackElo "2110"]
[WhiteFideId "13602993"]
[BlackFideId "14124122"]
[EventDate "2021.06.06"]

1. d4 d6 2. Nf3 Nc6 3. g3 Bd7 4. Bg2 Qc8 5. h3 Nf6 6. d5 Nb8 7. c4 g6 8. Nc3 Bg7
9. e4 O-O 10. Be3 c6 11. Qd2 a5 12. g4 Na6 13. O-O Nc5 14. Nd4 h5 15. g5 Nh7 16.
Kh2 e5 17. dxe6 Nxe6 18. f4 f6 19. Nxe6 Bxe6 20. gxf6 Bxf6 21. c5 dxc5 22. Bxc5
Rd8 23. Qf2 Bc4 24. Rfd1 Nf8 25. e5 Bg7 26. Ne4 Ne6 27. Nd6 Qd7 28. Nxc4 Qf7 29.
Rxd8+ Rxd8 30. Be3 Qf5 31. Nd6 Qd3 32. Re1 Bh6 33. f5 Bxe3 34. Rxe3 Qd4 35. fxe6 1-0

[Event "Women's Speed Chess Q7"]
[Site "chess.com INT"]
[Date "2021.06.06"]
[Round "13"]
[White "Papp, Petra"]
[Black "Eswaran, Ashritha"]
[Result "0-1"]
[WhiteTitle "WGM"]
[BlackTitle "WIM"]
[WhiteElo "2336"]
[BlackElo "2244"]
[WhiteFideId "739049"]
[BlackFideId "2080788"]
[EventDate "2021.06.06"]

1. e4 c5 2. d4 cxd4 3. c3 dxc3 4. Nxc3 e6 5. Nf3 Nc6 6. Bc4 a6 7. O-O d6 8. Qe2
Be7 9. Rd1 Bd7 10. Bf4 e5 11. Bg3 Nf6 12. Nd5 O-O 13. Nxf6+ Bxf6 14. Rxd6 Qe7
15. Rad1 Bg4 16. h3 Nd4 17. R1xd4 Bxf3 18. Qxf3 exd4 19. Rb6 Rac8 20. Bd3 Rc1+
21. Kh2 Be5 22. Bxe5 Qxe5+ 23. g3 Rc7 24. b3 Qc5 25. Rh6 gxh6 26. e5 Qxe5 27. b4
Kh8 28. a4 Rc3 29. b5 axb5 30. axb5 f5 31. b6 Rb3 32. Qd1 Rxb6 33. Bc4 Rbf6 34.
Qf3 f4 35. g4 Qe1 36. Bd3 Qd2 37. Kg2 Re8 38. Qd5 Qxd3 39. g5 f3+ 40. Kh2 hxg5
41. Qxg5 Qf5 42. Qg3 Qf4 0-1

[Event "Women's Speed Chess Q7"]
[Site "chess.com INT"]
[Date "2021.06.06"]
[Round "13"]
[White "Koridze, Lile"]
[Black "Nurmanova, Alua"]
[Result "1-0"]
[WhiteTitle "WFM"]
[BlackTitle "WFM"]
[WhiteElo "2016"]
[BlackElo "2093"]
[WhiteFideId "13612514"]
[BlackFideId "13729390"]
[EventDate "2021.06.06"]

1. d4 Nf6 2. c4 g6 3. Nc3 Bg7 4. e4 d6 5. Nf3 O-O 6. Be2 e5 7. O-O Nc6 8. Be3
Ng4 9. Bg5 f6 10. Bc1 exd4 11. Nxd4 Nxd4 12. Qxd4 Ne5 13. Be3 Be6 14. Rad1 Nc6
15. Qd2 Qe7 16. Nd5 Qf7 17. b4 a6 18. c5 dxc5 19. Bxc5 Rfd8 20. Bc4 Ne5 21. Ne7+
Qxe7 22. Bxe7 Rxd2 23. Bxe6+ Kh8 24. Rxd2 Re8 25. f4 Nc6 26. Bd7 Rxe7 27. Bxc6
h5 28. Bxb7 Kh7 29. Re1 c5 30. Bxa6 cxb4 31. Bc4 Ra7 32. e5 fxe5 33. fxe5 Bh6
34. Rde2 Rc7 35. Bb3 Bf8 36. e6 Bc5+ 37. Kh1 Be7 38. Rf1 Kg8 39. g3 Rc3 40. Rf7
Bc5 41. e7 Rc1+ 42. Rf1+ 1-0

[Event "Women's Speed Chess Q7"]
[Site "chess.com INT"]
[Date "2021.06.06"]
[Round "13"]
[White "Priyanka, K"]
[Black "Nanditha, V"]
[Result "0-1"]
[WhiteTitle "WIM"]
[BlackTitle "WCM"]
[WhiteElo "2218"]
[BlackElo "1666"]
[WhiteFideId "5082986"]
[BlackFideId "46626697"]
[EventDate "2021.06.06"]

1. e4 c6 2. Nf3 d5 3. Nc3 dxe4 4. Nxe4 Nf6 5. Qe2 Nxe4 6. Qxe4 Nd7 7. Bc4 e6 8.
d4 Nf6 9. Qe2 a6 10. O-O b5 11. Bb3 Bb7 12. c3 Be7 13. Ng5 Nd5 14. Ne4 O-O 15.
Re1 Re8 16. Bc2 Bf8 17. Bg5 Qc7 18. Qh5 f5 19. Ng3 Qf7 20. Qxf7+ Kxf7 21. Rad1
Rac8 22. Bc1 h6 23. Ne2 g5 24. h4 Be7 25. hxg5 hxg5 26. g3 Rh8 27. f3 Rh3 28.
Kg2 Rch8 29. Rh1 g4 30. Rxh3 Rxh3 31. fxg4 fxg4 32. Be4 Nf6 33. Bd3 c5+ 34. Kf2
c4 35. Bc2 Nd5 0-1

[Event "Women's Speed Chess Q7"]
[Site "chess.com INT"]
[Date "2021.06.06"]
[Round "13"]
[White "Selkirk, Rebecca"]
[Black "Kanyamarala, Trisha"]
[Result "1-0"]
[WhiteTitle "WCM"]
[BlackTitle "WIM"]
[WhiteElo "1799"]
[BlackElo "2180"]
[WhiteFideId "14306514"]
[BlackFideId "45004722"]
[EventDate "2021.06.06"]

1. e4 c5 2. Nf3 d6 3. d4 cxd4 4. Nxd4 Nf6 5. Nc3 Nc6 6. Bg5 e6 7. Bb5 Bd7 8. O-O
a6 9. Ba4 Be7 10. Kh1 O-O 11. f4 b5 12. Bb3 Qb6 13. Nxc6 Bxc6 14. e5 dxe5 15.
fxe5 Nd5 16. Nxd5 Bxd5 17. Bxe7 Rfe8 18. Bh4 Bb7 19. Qg4 Qc6 20. Bf6 g6 21. Rf2
a5 22. Qh4 Qc5 23. Qh6 Qf8 24. Qg5 a4 25. Rf4 axb3 26. cxb3 Rec8 27. Rh4 Rxa2
28. Rxa2 h6 29. Qd2 g5 30. Rh3 Qc5 31. Rd3 Qc1+ 32. Qd1 Be4 33. Rd7 1-0

[Event "Women's Speed Chess Q7"]
[Site "chess.com INT"]
[Date "2021.06.06"]
[Round "13"]
[White "Tania, Sachdev"]
[Black "Sviridova, Vlada"]
[Result "1-0"]
[WhiteTitle "IM"]
[BlackTitle "WFM"]
[WhiteElo "2392"]
[BlackElo "2144"]
[WhiteFideId "5007844"]
[BlackFideId "24109606"]
[EventDate "2021.06.06"]

1. d4 d5 2. c4 c6 3. Nf3 Nf6 4. Nc3 dxc4 5. a4 Bf5 6. Ne5 Nbd7 7. Nxc4 Qc7 8. g3
e5 9. dxe5 Nxe5 10. Bf4 Nfd7 11. Bg2 g5 12. Ne3 gxf4 13. Nxf5 O-O-O 14. Qc2 fxg3
15. hxg3 Nc5 16. b4 Ne6 17. O-O h5 18. Rfc1 h4 19. b5 hxg3 20. bxc6 gxf2+ 21.
Kf1 b6 22. Nb5 Ng4 23. Nxc7 Bc5 24. e3 Kxc7 25. Qe4 Nh2+ 26. Kxf2 Rhg8 27. Qe5+
Bd6 28. Qc3 Ng4+ 29. Ke2 Nc5 30. Qc4 Ne5 31. Qh4 Rxg2+ 32. Kf1 Rd2 33. Nxd6
R2xd6 34. Qe7+ 1-0

[Event "Women's Speed Chess Q7"]
[Site "chess.com INT"]
[Date "2021.06.06"]
[Round "13"]
[White "Morris-Suzuki, Sophie"]
[Black "Babiy, Olga"]
[Result "1-0"]
[WhiteTitle "WFM"]
[BlackTitle "WGM"]
[WhiteElo "2043"]
[BlackElo "2280"]
[WhiteFideId "30922615"]
[BlackFideId "14117258"]
[EventDate "2021.06.06"]

1. e4 c6 2. Nc3 d5 3. Nf3 dxe4 4. Nxe4 Nf6 5. Qe2 Nxe4 6. Qxe4 Qa5 7. Bc4 Bf5 8.
Qe2 e6 9. O-O Nd7 10. d4 Be7 11. Ne5 Qd8 12. g4 Bg6 13. f4 Nxe5 14. dxe5 Bc5+
15. Kg2 Qd7 16. Be3 Bxe3 17. Qxe3 O-O-O 18. Qxa7 h5 19. Qa8+ Kc7 20. Qa5+ Kb8
21. f5 exf5 22. e6 fxe6 23. Qe5+ Kc8 24. Bxe6 Rhe8 25. Bxd7+ Rxd7 26. Qf4 fxg4
27. Rae1 Red8 28. Re2 Bh7 29. Rfe1 Bg8 30. Qg5 Bd5+ 31. Kg1 Kc7 32. Re7 Bf3 33.
Qe5+ Kc8 34. Rxd7 Rxd7 35. Qe8+ Rd8 36. Qxh5 Rd2 37. Re8+ Kc7 38. Qe5+ Kd7 39.
Qe7# 1-0

[Event "Women's Speed Chess Q7"]
[Site "chess.com INT"]
[Date "2021.06.06"]
[Round "13"]
[White "Vine, Elzbieta"]
[Black "Komiagina, Maria"]
[Result "0-1"]
[WhiteTitle "WFM"]
[BlackTitle "WIM"]
[WhiteElo "2138"]
[BlackElo "2241"]
[WhiteFideId "1119320"]
[BlackFideId "4153987"]
[EventDate "2021.06.06"]

1. e4 g5 2. d4 h5 3. Bxg5 Bg7 4. Nf3 d6 5. Nc3 c6 6. Qd2 b5 7. a3 a6 8. Nh4 Qc7
9. Nf5 Bxf5 10. exf5 Nd7 11. Be2 Bf6 12. Bxf6 Ngxf6 13. Bf3 O-O-O 14. O-O-O Kb8
15. Rhe1 Rhe8 16. d5 c5 17. Ne4 Nxe4 18. Bxe4 Ne5 19. f4 Nc4 20. Qd3 Qb6 21. Bf3
Kc7 22. Bxh5 Rb8 23. Bxf7 Rf8 24. Bg6 Kd8 25. h4 a5 26. h5 a4 27. h6 Na5 28. h7
b4 29. Qe3 bxa3 30. Qxe7+ Kc8 31. Qxf8+ Kb7 32. Qe7+ Ka8 33. bxa3 Qb2+ 34. Kd2
Nc4+ 35. Ke2 Qxc2+ 0-1

[Event "Women's Speed Chess Q7"]
[Site "chess.com INT"]
[Date "2021.06.06"]
[Round "13"]
[White "Mendoza, Shania Mae"]
[Black "Perez Rodriguez, Jennifer"]
[Result "1-0"]
[WhiteTitle "WFM"]
[BlackTitle "WIM"]
[WhiteElo "2158"]
[BlackElo "2251"]
[WhiteFideId "5211158"]
[BlackFideId "3507831"]
[EventDate "2021.06.06"]

1. e4 e5 2. Nf3 Nc6 3. d4 exd4 4. Bc4 Nf6 5. e5 d5 6. Bb5 Ne4 7. Nxd4 Bd7 8.
Bxc6 bxc6 9. O-O Bc5 10. Nc3 Nxc3 11. bxc3 Bb6 12. Nb3 O-O 13. Bf4 Be6 14. a4 a5
15. Qf3 c5 16. Qg3 Kh8 17. Rad1 c6 18. Rfe1 Qd7 19. h4 Bf5 20. Rd2 h6 21. h5 Qe6
22. Re3 Rad8 23. Qh4 d4 24. cxd4 cxd4 25. Rg3 c5 26. Nc1 c4 27. Ne2 d3 28. cxd3
cxd3 29. Nc3 Bc5 30. Nb5 Bb4 31. Rd1 d2 32. Nd6 Bc2 33. Rxd2 Bxd2 34. Bxd2 Rd7
35. Bc3 Rc7 36. Qf4 Bb3 37. Bxa5 Rd7 38. Bb4 Bd5 39. a5 Rb8 40. a6 Ba8 41. Bc5
Qd5 42. Bd4 Rbd8 43. e6 Rxd6 44. Bxg7+ Kh7 45. Qxh6+ 1-0

[Event "Women's Speed Chess Q7"]
[Site "chess.com INT"]
[Date "2021.06.06"]
[Round "13"]
[White "Kashlinskaya, Alina"]
[Black "Bodnaruk, Anastasia"]
[Result "0-1"]
[WhiteTitle "IM"]
[BlackTitle "IM"]
[WhiteElo "2494"]
[BlackElo "2446"]
[WhiteFideId "4198026"]
[BlackFideId "4181751"]
[EventDate "2021.06.06"]

1. d4 Nf6 2. c4 g6 3. Nc3 Bg7 4. e4 d6 5. h3 O-O 6. Be3 e5 7. d5 Na6 8. g4 c6 9.
f3 cxd5 10. cxd5 Ne8 11. Nge2 f5 12. gxf5 gxf5 13. Rg1 Kh8 14. Qd2 f4 15. Bf2
Nc5 16. O-O-O b6 17. Kb1 Bd7 18. Nc1 Nc7 19. Nd3 a5 20. Nxc5 bxc5 21. Bd3 Rb8
22. h4 a4 23. a3 Rb7 24. h5 Qb8 25. Ka1 Rb3 26. Bc2 Rxb2 27. Qc1 Rb6 28. h6 Bf6
29. Rg2 Nb5 30. Nxb5 Bxb5 31. Rdg1 Bc4 32. Be1 Bb3 33. Bb1 c4 34. Bc3 Qc8 35.
Rg4 Qc5 36. Bb2 Rbb8 37. Qc3 Rbc8 38. R1g2 Qd4 39. Rd2 Qc5 40. Rdg2 Rg8 41. Bc1
Qd4 42. Bb2 Qxc3 43. R2g3 Rxg4 0-1

[Event "Women's Speed Chess Q7"]
[Site "chess.com INT"]
[Date "2021.06.06"]
[Round "13"]
[White "Chu, Ruotong"]
[Black "Mkrtchian, Lilit"]
[Result "1-0"]
[WhiteTitle "WIM"]
[BlackTitle "IM"]
[WhiteElo "2207"]
[BlackElo "2388"]
[WhiteFideId "8605653"]
[BlackFideId "13300601"]
[EventDate "2021.06.06"]

1. d4 Nf6 2. Nf3 d5 3. g3 Nbd7 4. Bg2 e6 5. O-O b5 6. a4 b4 7. c4 bxc3 8. Nxc3
Be7 9. a5 Ba6 10. Na4 O-O 11. Qc2 Rc8 12. Qc6 Bxe2 13. Re1 Nb8 14. Qb7 Bxf3 15.
Bxf3 Qd6 16. Qxa7 Qb4 17. Be3 Nc6 18. Qa6 Nxa5 19. Nc5 Nc4 20. Ra4 Qxb2 21. Nd3
Qb3 22. Ne5 Bd6 23. Bg5 Bxe5 24. dxe5 Nd7 25. Be2 Nc5 26. Bxc4 dxc4 27. Qxc4
Qxa4 28. Qxc5 Rfe8 29. Qe3 Qd7 30. Bf6 gxf6 31. exf6 Kh8 32. Qh6 Rg8 33. Re4 Qe8
34. Rh4 1-0

[Event "Women's Speed Chess Q7"]
[Site "chess.com INT"]
[Date "2021.06.06"]
[Round "13"]
[White "Kotepalli, Sai Nirupama"]
[Black "Kulkarni, Bhakti"]
[Result "0-1"]
[WhiteTitle "WFM"]
[BlackTitle "IM"]
[WhiteElo "1914"]
[BlackElo "2391"]
[WhiteFideId "5039444"]
[BlackFideId "5019516"]
[EventDate "2021.06.06"]

1. e4 e5 2. d3 Nc6 3. Nf3 Nf6 4. g3 Bc5 5. Bg2 O-O 6. O-O d6 7. c3 a6 8. Nbd2
Ba7 9. Nc4 Re8 10. Bg5 h6 11. Be3 Be6 12. Bxa7 Rxa7 13. Ne3 Ne7 14. Nh4 c6 15.
d4 exd4 16. Qxd4 c5 17. Qd2 Nc6 18. Rfd1 Qb6 19. b3 Rd8 20. Nhf5 Ne5 21. f4 Neg4
22. Nxg4 Nxg4 23. Nxd6 c4+ 24. Qd4 Rxd6 25. Qxb6 Rxb6 26. Rd8+ Kh7 27. f5 cxb3
28. fxe6 b2 29. Rb1 fxe6 30. Rd2 Ra8 31. Rdxb2 Rxb2 32. Rxb2 b5 33. h3 Ne5 34.
Rd2 Rc8 35. Rd6 Rc6 36. Rxc6 Nxc6 37. Kf2 Kg6 38. Ke3 Kf6 39. Kf4 g5+ 40. Kg4
Kg6 41. h4 Ne5+ 42. Kh3 Nc4 43. Bf3 Kf6 44. Kg4 Ne5+ 45. Kh5 Nxf3 46. Kxh6 gxh4 0-1

[Event "Women's Speed Chess Q7"]
[Site "chess.com INT"]
[Date "2021.06.06"]
[Round "13"]
[White "Shuvalova, Polina"]
[Black "Luong, Phuong Hanh"]
[Result "1-0"]
[WhiteTitle "IM"]
[BlackTitle "WIM"]
[WhiteElo "2489"]
[BlackElo "2229"]
[WhiteFideId "24171760"]
[BlackFideId "12401013"]
[EventDate "2021.06.06"]

1. e4 c5 2. Nf3 e6 3. Nc3 a6 4. d4 cxd4 5. Nxd4 Qc7 6. Bd3 Nf6 7. O-O Bc5 8. Nb3
Be7 9. Re1 d6 10. a4 Nbd7 11. Kh1 O-O 12. f4 b6 13. Be3 Bb7 14. Qf3 Nc5 15. Nxc5
bxc5 16. b3 Rfe8 17. Qf1 Qa5 18. Ne2 Nxe4 19. Rad1 Nf6 20. Ng3 Qc7 21. c4 Rad8
22. f5 e5 23. Bg5 d5 24. Bxf6 Bxf6 25. cxd5 Bxd5 26. Ne4 Bh4 27. Re3 Bxb3 28.
Rc1 c4 29. Be2 Qe7 30. Bxc4 Bxc4 31. Qxc4 Bg5 32. Nxg5 Qxg5 33. Ree1 Qxf5 34.
Qxa6 h6 35. Rf1 Qe6 36. Qb5 Rb8 37. Qe2 e4 38. Ra1 e3 39. a5 Qe5 40. a6 Rb2 41.
Qf3 Qe6 42. a7 Qc8 43. a8=Q Qxa8 44. Rxa8 1-0